Регионална библиотека "Любен Каравелов" - Русе

Българска лирическа класика (Запис номер 55216)

MARC детайли
000 -Лидер
Контролно поле с фиксирана дължина 01460nam a2200361 c 4500
003 - Код на организацията, давaща контролен номер
Контролно поле BLK
005 - Дата и час на последна редакция
Контролно поле 20180420222456.0
008 - Елементи от данни с фиксирана дължина
fixed length control field 180408b bul|||||r ||||||| ||bul||
010 ## - Наследен системен номер
LC control number KNG00059181000
020 ## - Международен стандартен номер на книга ISBN
Международен стандартен номер на книга ISBN 954-01-1691-0
-- издат.: Просвета
040 ## - Източник на каталожния запис
Идентификатор на билиотеката - собственик на записа BLK
041 ## - Код за език
Код за езика на текст/звукозапис или на отделно заглавие Български
Код за езика КДБФ Български
080 ## - УДК
Текстов определител УДК Българска литература
УДК код - определител по УДК 821.163.2
УДК определител -1.09
УДК - код + определител 821.163.2-1.09
100 1# - Редна дума - Автор
Автор Камбуров, Димитър Костадинов
Авторска отговорност първи автор
R(LIN) 286062
139 ## - Редно поле
Редна дума Камбуров, Димитър Костадинов
Авторски знак Камб - К 22
245 10 - Сведения за заглавието
Заглавие Българска лирическа класика
Редно поле (дума) Димитър Костадинов Камбуров.
257 ## - Страна на издаване
Страна на създаване/издаване България
260 ## - Област на издателските данни
-- София
Име на издателя, разпространителя и проч. Просвета
Година на издаване 2004
Печатница София : Инвестпрес
300 ## - Физическа характеристика
Страници 342 с.
Размери/Мащаб 20 см
380 ## - Жанр
Жанр Литературознание
490 1# - СЕРИИ (Колекции)
Име на серия Нова българска критика
500 ## - Общи забележки
Забележка Офс. изд. - Съдържа и за авт.
650 #4 - Допълнително описание по предмет – тема
Основно описание – тема или топоним Поезия, българска - теми, образи, сюжети
9 (RLIN) 242871
650 #4 - Допълнително описание по предмет – тема
Основно описание – тема или топоним Поети, български - творчество
9 (RLIN) 250545
653 ## - Ключова дума – ненормативна
Ключова дума български поети
653 ## - Ключова дума – ненормативна
Ключова дума българска поезия
653 ## - Ключова дума – ненормативна
Ключова дума литературна критика
852 ## - Местоположение
Форматна сигнатура Цб 227035
856 4# - Електронен адрес и достъп
Електронен формат pdf - файл
Път до файла /url/
856 4# - Електронен адрес и достъп
Електронен формат pdf - файл
Път до файла /url/
942 ## - АРТИКУЛИ
Вид на библиотечния материал Книги
Скрит в OPAC Не
944 ## - СЪЗДАВАНЕ И РЕДАКЦИЯ на ЗАПИСА
Създаване/Редакция Създаване
Дата на регистрацията/редакция 05.04.2006
Служител, извършил регистрацията/редакцията Людмила_Стоянова
944 ## - СЪЗДАВАНЕ И РЕДАКЦИЯ на ЗАПИСА
Създаване/Редакция Редакция
Дата на регистрацията/редакция 30.05.2016
Служител, извършил регистрацията/редакцията Пенка_Димитрова
999 ## - СИСТЕМНИ КОНТРОЛНИ НОМЕРА
Koha biblionumber 55216
Koha biblioitemnumber 55216
Наличности
Код за отписване Код за изгубен артикул Код за повреда Коз за рестрикции Код за отдаване Артикулен № Име на библиотеката - собственик Име на библиотеката, в която се намира в момента Статус (Текущо местоположение) Дата на вписване в системата Местоположение - отдел Цена в лева Инвентарен номер Систематично азбучна сигнатура Баркод Номер на екземпляра Цена в евро Служебна бележка Служебен тип на артикула Източник на класификационната схема
  Не е изгубен Не е повреден без рестрикции ползва се в читалня 86929 Регионална библиотека "Любен Каравелов" Русе Регионална библиотека "Любен Каравелов" Русе Хранилище 2006-04-05 Хранилище 8.00 120000701488 Цб 227035 120000701488 1 4.09 Дост: Dp Вид: Д N: 12 Дата: 10.03.2005 Книги  
  Не е изгубен Не е повреден без рестрикции заемане за дома 86930 Регионална библиотека "Любен Каравелов" Русе Регионална библиотека "Любен Каравелов" Русе Заемна - подръчен фонд 2009-06-29 Заемна - подръчен фонд 8.00 120000736540 821.163.2.09/К 22 Д 120000736540 2 4.09 Дост: DA Вид: А N: 7 Дата: 29.06.2009 Дата инв: 07.02.2018 Бележки инв: П2018 Книги Universal Decimal Classification
  Не е изгубен Не е повреден без рестрикции ползва се в читалня 86931 Регионална библиотека "Любен Каравелов" Русе Регионална библиотека "Любен Каравелов" Русе Читалня 2011-12-16 Читалня 8.00 120000755732 Ч 821.163.2.09/К 22 120000755732 3 4.09 Дост: Pk Вид: Ф N: 251 Дата: 15.12.2011 Дата инв: 27.03.2017 Бележки инв: Ч2017 Книги Universal Decimal Classification
  Не е изгубен Не е повреден без рестрикции заемане за дома 86932 Регионална библиотека "Любен Каравелов" Русе Регионална библиотека "Любен Каравелов" Русе Заемна - подръчен фонд 2016-05-30 Заемна - подръчен фонд 5.60 120000800388 821.163.2.09/К 22 Д 120000800388 4 2.86 Дост: Pk Вид: Ф N: 16707 Дата: 27.05.2016 Дата инв: 15.02.2018 Бележки инв: П2018 Книги Universal Decimal Classification
Vip Innovations Ltd, Rousse, Bulgaria 2025